15 principales países con muertes de Covid-19 - 9 septiembre - Estadísticas

Estadísticas generales
  • Esta prueba ha sido intentada 9 veces
  • La puntuación promedio es 12 de 19
Estadísticas de respuestas
país % Correcto
Estados Unidos
100%
España
88%
Francia
88%
Chile
75%
Italia
75%
México
75%
Perú
75%
Brasil
63%
Colombia
63%
Ecuador
63%
India
63%
Reino Unido
63%
Rusia
63%
Sudáfrica
63%
Bélgica
50%
Suecia
50%
Irán
38%
Panamá
38%
Bolivia
13%
No se encontraron pruebas coincidentes
Distribución de puntuación
Porcentaje de gente con cada puntuación
Porcentaje por número respondido
Historial de tus puntuaciones
No has intentado esta prueba.